00514nam a2200193Ia 4500003000400000005001700004008004100021020002200062040000700084041000800091082001600099100003600115245007800151260002500229300001900254365001300273650001200286650002200298OSt20230523110207.0210423s2017 xx 000 0 und d a978-93-325-7601-8 cAL aeng a032.02 THOG aTHORPE (Edgar);THORPE (Showick) aGeneral studies: for civil services preliminary examination Paper II 2017 aNoidabPearsonc2017 axiii,7.314bPB b950cINR aGeneral aGeneral Knowledge